Les 50... - Édition Auteurs Britanniques - Statistiques

Statistiques générales
  • Ce quiz a été pris 24 fois
  • Le résultat moyen est 17 sur 50
Statistiques - réponses
Œuvre Auteur % Correct
Jane Eyre Charlotte Brontë
96%
Les Hauts de Hurlevent Emily Brontë
96%
Hamlet William Shakespeare
96%
Le Crime de l’Orient-Express Agatha Christie
91%
1984 George Orwell
91%
Harry Potter à l’école des sorciers J.K. Rowling
91%
Les Aventures de Sherlock Holmes Arthur Conan Doyle
87%
Le Seigneur des Anneaux J.R.R. Tolkien
87%
Orgueil et Préjugés Jane Austen
83%
Les Aventures d’Alice au pays des merveilles Lewis Carroll
78%
Les Grandes Espérances Charles Dickens
70%
Frankenstein Mary Shelley
70%
Le Portrait de Dorian Gray Oscar Wilde
70%
Charlie et la Chocolaterie Roald Dahl
70%
Le Meilleur des mondes Aldous Huxley
61%
Robinson Crusoé Daniel Defoe
57%
Les Voyages de Gulliver Jonathan Swift
52%
Casino Royale Ian Fleming
48%
Mrs Dalloway Virginia Woolf
48%
L’Orange mécanique Anthony Burgess
43%
Sa Majesté des mouches William Golding
35%
Au cœur des ténèbres Joseph Conrad
26%
Le Lion, la Sorcière blanche et l’Armoire magique C.S. Lewis
22%
À la croisée des mondes : Les Royaumes du Nord Philip Pullman
22%
Les Enfants de minuit Salman Rushdie
22%
Pierre Lapin Beatrix Potter
17%
L’Amant de Lady Chatterley D.H. Lawrence
13%
Tess d’Urberville Thomas Hardy
13%
Pamela ou la vertu récompensée Samuel Richardson
9%
La Huitième Couleur Terry Pratchett
9%
La Puissance et la Gloire Graham Greene
4%
Expiation Ian McEwan
4%
L’Espion qui venait du froid John le Carré|David John Moore Cornwell
4%
Auprès de moi toujours Kazuo Ishiguro
4%
Argent Martin Amis
4%
Haute Fidélité Nick Hornby
4%
La Foire aux vanités William Makepeace Thackeray
4%
Sourires de loup Zadie Smith
4%
Ligne de beauté Alan Hollinghurst
0%
Possession A.S. Byatt
0%
Cartographie des nuages David Mitchell
0%
Route des Indes E.M. Forster
0%
Retour à Brideshead Evelyn Waugh
0%
Le Bouddha de banlieue Hanif Kureishi
0%
Dans l’ombre des Tudors Hilary Mantel
0%
Les Oranges ne sont pas les seuls fruits Jeanette Winterson
0%
Une fille, qui danse Julian Barnes
0%
Les Belles Années de Miss Brodie Muriel Spark
0%
Régénération Pat Barker
0%
Lune tigre Penelope Lively
0%
Aucun quiz correspondant
Distribution des résultats
% des personnes avec chaque résultat
Percentile par nombre de réponses
Votre historique - résultats
Vous n’avez pas pris ce quiz